Estadísticas para Juego de Tronos Quiz (Nivel 3)

Haz click aquí para intentar la prueba.

Estadísticas generales

  • Esta prueba ha sido intentada 176 veces
  • La puntuación promedio es 9 de 15

Estadísticas de respuestas

HintRespuesta% Correcto
Nombre del hermano mayor de Daenerys Targeryan, hijo primogénito de Aerys Targaryen.Rhaegar Targaryen
77%
Fue el guardián del Norte al inicio de la serie.Eddard Stark
73%
Apellido que se les da a los bastados de alta cuna nacidos en Dorne.Arena
68%
Actor que interpreta a Jon Snow.Kit Harington
67%
Nombre de la persona que conquistó los 7 reinos.Aegon "El conquistador"
66%
Mano del rey antes que Eddard Stark.Jon Arryn
65%
Nombre del Maestre del muro.Maestre Aemon
60%
Nombre de la hija de Stannis Baratheon.Shireen Baratheon
60%
Nombre del lobo huargo de Brandon Stark.Verano
57%
Reino donde se encuentra Altojardin.El dominio
53%
Asentamiento de la casa Tully.Aguasdulces
51%
Era conocido como el "Bastardo de Fuerte terror".Ramsey Bolton
51%
Dijo la frase "No hay hombres como yo, solo yo".Jaime Lannister
48%
Nombra una de las 3 serpientes de arena.Obara, Nymeria y Tyene
43%
Asesinó a Robb Stark durante la boda de su tío.Roose Bolton
40%

Distribución de puntuación

Porcentaje por número respondido

Porcentaje de gente con cada puntuación

Historial de tus puntuaciones

No has intentado esta prueba.